Statistics for Australian Ashes Squad 2021 - Cricket

Click here to take the quiz!

General Stats

  • This quiz has been taken 159 times
  • The average score is 12 of 15

Answer Stats

AUSSTATEPLAYER% Correct
12NSWSteve Smith
98%
15NSWDavid Warner
96%
13NSWMitchell Starc
93%
2NSWPat Cummins
93%
9NSWNathan Lyon
87%
1TASTim Paine
87%
5NSWJosh Hazlewood
85%
6SATravis Head
81%
8QLDMarnus Labuschagne
80%
7QLDUsman Khawaja
79%
3WACameron Green
74%
4VICMarcus Harris
69%
10QLDMichael Neser
56%
11WAJhye Richardson
54%
14QLDMitchell Swepson
47%

Score Distribution

Percentile by Number Answered

Percent of People with Each Score

Your Score History

You have not taken this quiz